000
00245nam a2200097Ia 4500
001
643434
005
20250826153545.0
008
250824s9999 xx 000 0 und d
245
0
_a
KORSAN PEŞİNDE
_c
AHMET YILMAZ BOYUNAĞA
260
_b
GENÇ TİMAŞ
999
_c
643434
_d
643434